000
00316nam a2200133Ia 4500
008
191201s2011 xx 000 0 und d
100
_a
BHATTACHARYYA, Dipak Kumar
245
0
_a
Compensation Management
250
_a
IMP 4th
260
_a
N. Delhi
_b
Oxford
_c
2011
300
_a
448
650
_a
MBA
942
_2
ddc
_c
BK
999
_c
4801
_d
4801